Mluvnice současné češtiny jako cizího jazyka hláskosloví a tvarosloví základní češtiny. Pomocný text

Bibliographic Details
Main Author: Poldauf, Ivan, 1915-1984 (Author)
Format: Book
Language:English
PhysicalDescription:192 s.
Published: Praha Státní pedagogické nakladatelství 1965
Edition:2. vyd.

MARC

LEADER 00000nam a2200000 a 4500
001 vtls010331639
003 SK-MaSNL
005 20260301213741.0
008 240314 000 0 eng
040 |a SNK  |b slo  |c SNK  |e AACR2 
100 1 |a Poldauf, Ivan,  |d 1915-1984  |4 aut  |9 125793 
245 1 0 |a Mluvnice současné češtiny jako cizího jazyka  |b hláskosloví a tvarosloví základní češtiny. Pomocný text  |c Ivan Poldauf a Karel Šprunk 
250 |a 2. vyd. 
260 |a Praha  |b Státní pedagogické nakladatelství  |c 1965  |e Praha  |f Středočeské tiskárny 
300 |a 192 s. 
999 |c 922613  |d 924543 
952 |a SNK  |b SNK  |y VYP  |7 0  |p 17A0761385  |o snkIB 16833 D1  |i snkKIP 2242/65  |3 rekatalogizácia  |0 0  |1 1  |4 0  |d 2011-12-20  |l 0  |r 2026-02-24 08:21:00  |w 2026-02-24